| 000 | 00424nam a22001457a 4500 | ||
|---|---|---|---|
| 082 | _aP673 | ||
| 100 |
_aAmjad Iqbal PC syn#18 _950979 |
||
| 245 |
_aEvaluation of cement industry of Pakistan _bProject |
||
| 260 |
_aRisalpur, _bMCE, _c2016. |
||
| 300 |
_a63p. _bill. _c26cm. |
||
| 526 |
_a0 _b0 _c0 _dP_673_000000000000000 |
||
| 526 |
_a0 _b0 _c0 _dP_673_000000000000000 |
||
| 700 | _aLt Col (R) Muhammad Iqbal | ||
| 942 |
_2ddc _cBK |
||
| 999 |
_c553719 _d553719 |
||